LEADER 01873nam0 22004453i 450 001 SBL0579136 005 20251003044357.0 020 $aIT$b7611345 100 $a19910930d1976 ||||0itac50 ba 101 | $aita$cita 102 $ait 181 1$6z01$ai $bxxxe 182 1$6z01$an 183 1$6z01$anc$2RDAcarrier 200 1 $aStato socialista e liberta borghesi$euna discussione sui fondamenti della teoria politica marxista$fDanilo Zolo 210 $aRoma$aBari$cLaterza$d1976 215 $aXIII, 187 p.$d18 cm. 225 | $aSaggi tascabili Laterza$v28 410 0$1001CFI0000433$12001 $aSaggi tascabili Laterza$v28 500 10$aStato socialista e libertà borghesi$3UBO4757019$9CFIV044276$9623592 606 $aStato$xConcezione marxista$2FIR$3CFIC028407$9E 676 $a320.1$9SCIENZA POLITICA. Lo Stato$v14 676 $a320.1$9STATO$v20 676 $a320.101$9STATO. Filosofia e teoria$v20 676 $a320.101$9LO STATO. Filosofia e teoria$v21 686 $aX14.3$cMARXISMO E REVISIONISMO DIBATTITO POLITICO-IDEOLOGICO$2R 700 1$aZolo$b, Danilo$3CFIV044276$4070$052744 801 3$aIT$bIT-000000$c19910930 850 $aIT-BN0095 $aIT-BN0110 $aIT-NA0043 $aIT-NA0120 $aIT-NA0581 $aIT-NA0230 $aIT-CE0073 901 $bNAP 35$cLETTERATUR$n$ 901 $bNAP 01$cD $n$ 901 $bNAP MI$cPRESTITO $n$ 901 $bNAP IR$cFGDC $n$ 901 $bNAP FC$cFONDO $n$ 901 $bNAP CR$cSASSO $n$ 912 $aSBL0579136 950 0$aBiblioteca Centralizzata di Ateneo$d 01D (AR) 6 045$e 01 0070060455 VMA 1 v.$fY $h20231013$i20231013 977 $a 01$a 35$a AN$a CR$a FC$a IR$a MI 996 $aStato socialista e libertà borghesi$9623592 997 $aUNISANNIO